[Event "World Youth U16 Olympiad"]
[Site "Gyor HUN"]
[Date "2014.12.19"]
[Round "8.6"]
[Board "1"]
[White "Morozov, Nichita"]
[Black "Schroeder, Jan-Christian"]
[Result "0-1"]
[WhiteTitle "FM"]
[BlackTitle "FM"]
[WhiteElo "2307"]
[BlackElo "2390"]
[WhiteTeam "Moldova"]
[BlackTeam "Germany"]
[WhiteFideId "13900897"]
[BlackFideId "24662259"]
[EventDate "2014.12.13"]
[EventType "team"]

1. d4 Nf6 2. c4 e6 3. Nc3 d5 4. cxd5 exd5 5. Bg5 c6 6. e3 Be7 7. Bd3 Nbd7 8. Qc2
Nh5 9. Bxe7 Qxe7 10. Nge2 g6 11. O-O O-O 12. Rae1 Ng7 13. Nc1 f5 14. f3 Nf6 15.
a3 Bd7 16. Nb3 Rae8 17. Qd2 Qd6 18. Nc5 b6 19. Nxd7 Qxd7 20. b4 Ne6 21. Bb1 Kg7
22. Rd1 Re7 23. Qb2 Ng5 24. h4 Ne6 25. e4 fxe4 26. fxe4 Ref7 27. b5 Ng4 28. bxc6
Qc7 29. Rxf7+ Rxf7 30. e5 Qxc6 31. Ba2 Nf4 32. Ne2 Ne3 33. Nxf4 Nxd1 34. Qd2 Nc3
35. Ne6+ Qxe6 36. Qxc3 Rf8 37. h5 Qf7 38. Bb3 Qf2+ 39. Kh2 Qh4+ 40. Kg1 Qf2+ 41.
Kh2 Rf4 0-1

[Event "World Youth U16 Olympiad"]
[Site "Gyor HUN"]
[Date "2014.12.19"]
[Round "8.6"]
[Board "2"]
[White "Perske, Thore"]
[Black "Abramciuc, Marius"]
[Result "1-0"]
[WhiteElo "2402"]
[BlackElo "2204"]
[WhiteTeam "Germany"]
[BlackTeam "Moldova"]
[WhiteFideId "12902195"]
[BlackFideId "13900609"]
[EventDate "2014.12.13"]
[EventType "team"]

1. e4 e5 2. Nf3 Nc6 3. Bb5 a6 4. Ba4 Nf6 5. O-O Be7 6. Re1 b5 7. Bb3 d6 8. c3
O-O 9. h3 Bb7 10. d3 Na5 11. Bc2 c5 12. a4 Nd7 13. Nbd2 Qc7 14. Nf1 c4 15. d4
Nb6 16. axb5 axb5 17. Ng3 g6 18. Bh6 Rfe8 19. d5 Qd8 20. Qe2 Nd7 21. Be3 Bf6 22.
Nh2 Bg5 23. Ra3 Nc5 24. Rea1 Bf6 25. Ng4 Bg7 26. Qf3 f6 27. Nh6+ Kf8 28. h4 Bc8
29. h5 Ke7 30. Ng4 Ra6 31. hxg6 hxg6 32. Nxe5 dxe5 33. Bxc5+ Kf7 34. Bb4 1-0

[Event "World Youth U16 Olympiad"]
[Site "Gyor HUN"]
[Date "2014.12.19"]
[Round "8.6"]
[Board "3"]
[White "Macovei, Andrei"]
[Black "Vogel, Roven"]
[Result "0-1"]
[WhiteElo "2168"]
[BlackElo "2401"]
[WhiteTeam "Moldova"]
[BlackTeam "Germany"]
[WhiteFideId "13904680"]
[BlackFideId "12908088"]
[EventDate "2014.12.13"]
[EventType "team"]

1. e4 d6 2. d4 Nf6 3. Nc3 g6 4. f4 Bg7 5. Nf3 O-O 6. Bd3 Nc6 7. e5 dxe5 8. dxe5
Nd5 9. Nxd5 Qxd5 10. Qe2 Bg4 11. Be4 Qa5+ 12. Bd2 Qb6 13. Bc3 Rad8 14. Qf2 f6
15. Qxb6 cxb6 16. O-O Bxf3 17. Bxf3 fxe5 18. fxe5 Bxe5 19. Bxe5 Nxe5 20. Bxb7
Rxf1+ 21. Rxf1 Kg7 22. b3 Rd2 23. Rf2 Rd1+ 24. Rf1 Rd2 25. Rf2 Rd1+ 26. Rf1
Rxf1+ 27. Kxf1 Ng4 28. Kg1 Kf6 29. Bf3 Ne3 30. c3 Ke5 31. Kf2 Nf5 32. Ke2 Ng7
33. Kd3 Ne6 34. b4 Kd6 35. a4 Nc7 36. Be4 Ke5 37. g3 Ne8 38. Bf3 Nd6 39. c4 Ne8
40. Bc6 Nc7 41. Bd7 Kd6 42. Bh3 Na6 43. Kc3 Nc7 44. Bc8 Ne8 45. Kd4 e5+ 46. Kd3
a5 47. Kc3 axb4+ 48. Kxb4 Nc7 49. h4 h6 50. Bg4 e4 51. h5 g5 52. Be2 Kc6 53. c5
Nd5+ 54. Kc4 Ne3+ 55. Kb4 bxc5+ 56. Kc3 Nf5 57. g4 Nd4 58. Bc4 Kb6 59. Bf1 Ka5
60. Kc4 e3 61. Kxc5 e2 62. Bxe2 Nxe2 63. Kd6 Nf4 64. Ke5 Nxh5 65. gxh5 Kxa4 66.
Kf5 Kb4 67. Kg6 g4 68. Kxh6 g3 69. Kh7 g2 70. Kh8 g1=Q 71. h6 Qd4+ 72. Kg8 Qd5+
73. Kh8 Qf5 74. Kg7 Qg5+ 75. Kh7 Ka3 0-1

[Event "World Youth U16 Olympiad"]
[Site "Gyor HUN"]
[Date "2014.12.19"]
[Round "8.6"]
[Board "4"]
[White "Sieber, Fiona"]
[Black "Chetrari, Nikita"]
[Result "1/2-1/2"]
[WhiteElo "2019"]
[BlackElo "2117"]
[WhiteTeam "Germany"]
[BlackTeam "Moldova"]
[WhiteFideId "12902373"]
[BlackFideId "13904647"]
[EventDate "2014.12.13"]
[EventType "team"]

1. e4 c5 2. Nf3 Nc6 3. d4 cxd4 4. Nxd4 Qb6 5. Nb3 Nf6 6. Nc3 e6 7. Be3 Qc7 8.
Bd3 Be7 9. O-O O-O 10. f4 d6 11. Nb5 Qb8 12. c4 a6 13. Nc3 Nb4 14. Be2 Nc6 15.
Bf3 e5 16. Nd5 Nxd5 17. exd5 exf4 18. Bxf4 Ne5 19. Bxe5 dxe5 20. c5 Bd7 21. d6
Bg5 22. Bd5 Bb5 23. Rf5 Bf4 24. g3 Qc8 25. Rxf7 Rxf7 26. gxf4 Qh3 27. Bxf7+ Kxf7
28. Qd5+ Kf8 29. Qxb7 Qe3+ 30. Kh1 Ra7 31. Qb8+ Be8 32. Rf1 Qe4+ 33. Kg1 Qe3+
34. Kh1 1/2-1/2

[Event "World Youth U16 Olympiad"]
[Site "Gyor HUN"]
[Date "2014.12.19"]
[Round "8.7"]
[Board "1"]
[White "Jarmula, Lukasz"]
[Black "Sibashvili, Giorgi"]
[Result "1-0"]
[WhiteTitle "FM"]
[BlackTitle "FM"]
[WhiteElo "2307"]
[BlackElo "2387"]
[WhiteTeam "Poland 1"]
[BlackTeam "Georgia"]
[WhiteFideId "1160664"]
[BlackFideId "13602799"]
[EventDate "2014.12.13"]
[EventType "team"]

1. d4 Nf6 2. c4 e6 3. Nf3 c5 4. d5 b5 5. e4 Nxe4 6. Bd3 Nf6 7. O-O Be7 8. Nc3 b4
9. Ne4 exd5 10. Nxf6+ Bxf6 11. Re1+ Kf8 12. Bf4 d6 13. Bc2 Bb7 14. Ba4 Be7 15.
Qd2 Nd7 16. Rxe7 Qxe7 17. Re1 Ne5 18. Nxe5 dxe5 19. Rxe5 Qd8 20. cxd5 f6 21.
Re8+ Qxe8 22. Bxe8 Rxe8 23. d6 Kf7 24. h4 Re4 25. Bg3 Rhe8 26. Kh2 Bc6 27. Qd1
g6 28. Qc1 c4 29. Qh6 Kg8 30. Qd2 a5 31. d7 Rd8 32. Qd6 Bxd7 33. Qd5+ Re6 34.
Bc7 Re8 35. Qxd7 c3 36. bxc3 bxc3 37. Bf4 c2 38. Bh6 R6e7 39. Qd5+ Re6 40. Qc4 1-0

[Event "World Youth U16 Olympiad"]
[Site "Gyor HUN"]
[Date "2014.12.19"]
[Round "8.7"]
[Board "2"]
[White "Tutisani, Noe"]
[Black "Tomczak, Mikolaj"]
[Result "1-0"]
[WhiteElo "2301"]
[BlackElo "2266"]
[WhiteTeam "Georgia"]
[BlackTeam "Poland 1"]
[WhiteFideId "13602853"]
[BlackFideId "1175114"]
[EventDate "2014.12.13"]
[EventType "team"]

1. e4 c5 2. Nf3 d6 3. d4 cxd4 4. Nxd4 Nf6 5. Nc3 Nc6 6. Bc4 e6 7. Be3 Be7 8. Qe2
O-O 9. O-O-O Qc7 10. Bb3 a6 11. g4 Nxd4 12. Rxd4 b5 13. g5 Nd7 14. Qh5 g6 15.
Qh6 Ne5 16. Rg1 Rd8 17. Rg3 Bf8 18. Qh4 Be7 19. Rh3 h5 20. Ne2 a5 21. a3 a4 22.
Ba2 b4 23. Nf4 bxa3 24. Nxh5 gxh5 25. Qxh5 Ng6 26. Qh7+ Kf8 27. Rf3 axb2+ 28.
Kb1 Bf6 29. gxf6 1-0

[Event "World Youth U16 Olympiad"]
[Site "Gyor HUN"]
[Date "2014.12.19"]
[Round "8.7"]
[Board "3"]
[White "Gumularz, Szymon"]
[Black "Khomeriki, Nino"]
[Result "1-0"]
[BlackTitle "WFM"]
[WhiteElo "2241"]
[BlackElo "2141"]
[WhiteTeam "Poland 1"]
[BlackTeam "Georgia"]
[WhiteFideId "1188062"]
[BlackFideId "13603191"]
[EventDate "2014.12.13"]
[EventType "team"]

1. e4 e5 2. Nc3 Nc6 3. g3 Bc5 4. Bg2 Nf6 5. Nge2 a6 6. d3 d6 7. h3 Be6 8. Nd5 h6
9. O-O Bxd5 10. exd5 Ne7 11. d4 Ba7 12. dxe5 dxe5 13. c4 O-O 14. b3 Re8 15. Bb2
Qd6 16. Qc2 c6 17. dxc6 Nxc6 18. Rad1 Qc5 19. a3 a5 20. Kh2 Rad8 21. f4 Nd4 22.
Nxd4 exd4 23. Rd3 Rd7 24. Rfd1 Qf5 25. Qf2 Re3 26. Rxe3 dxe3 27. Qe2 h5 28. Rxd7
Nxd7 29. b4 axb4 30. axb4 h4 31. c5 hxg3+ 32. Kxg3 Qe6 33. Bd4 Nf6 34. Qxe3 Nh5+
35. Kh2 Qd7 36. c6 Qc7 37. Bxa7 Nxf4 38. Bb6 Qd6 39. Qg3 bxc6 40. Be3 g5 41.
Bxf4 Qxf4 42. Qxf4 gxf4 43. Bxc6 1-0

[Event "World Youth U16 Olympiad"]
[Site "Gyor HUN"]
[Date "2014.12.19"]
[Round "8.7"]
[Board "4"]
[White "Ghvamberia, Nika"]
[Black "Janik, Igor"]
[Result "0-1"]
[WhiteElo "2122"]
[BlackElo "2182"]
[WhiteTeam "Georgia"]
[BlackTeam "Poland 1"]
[WhiteFideId "13602128"]
[BlackFideId "1159259"]
[EventDate "2014.12.13"]
[EventType "team"]

1. e4 c5 2. Nf3 d6 3. d4 cxd4 4. Nxd4 Nf6 5. Nc3 g6 6. Be3 Bg7 7. f3 O-O 8. Qd2
Nc6 9. Bc4 Nxd4 10. Bxd4 Be6 11. Bb3 Qa5 12. O-O-O b5 13. Kb1 Rfc8 14. Rhe1 Bxb3
15. cxb3 Rab8 16. Qg5 h6 17. Qd2 e6 18. Bxf6 Bxf6 19. Nd5 Qd8 20. Nxf6+ Qxf6 21.
Qxd6 Rb6 22. Qd2 Kh7 23. a3 Rbc6 24. Re2 Qh4 25. g3 Qh5 26. Qf4 R8c7 27. Red2 e5
28. Qe3 Qh3 29. Qd3 a6 30. Qd8 Kg7 31. Qd3 Qe6 32. Rf2 Qe7 33. f4 Qc5 34. Rfd2
Rf6 35. Rf1 Qe7 36. Qd5 Rcc6 37. Rdf2 exf4 38. e5 Rfe6 39. gxf4 Qc5 40. Qd3 Rc7
41. Rg2 Qc6 42. Rfg1 Rd7 43. Qe3 Qb6 44. Qf3 Qc6 45. Qe3 Qb6 46. Qg3 Qd4 47. Ka2
Qe4 48. Qg4 Rd4 49. h3 Qxf4 50. Qxe6 fxe6 51. Rxg6+ Kf7 52. Rf6+ Qxf6 53. exf6
Kxf6 54. Rg8 e5 55. Rb8 e4 56. Rb6+ Kf5 57. Rxh6 e3 58. Rh5+ Ke4 59. Rh7 e2 60.
h4 Kd3 61. Re7 Re4 0-1

[Event "World Youth U16 Olympiad"]
[Site "Gyor HUN"]
[Date "2014.12.19"]
[Round "8.8"]
[Board "1"]
[White "Marek, Matyas"]
[Black "Theodorou, Nikolas"]
[Result "1/2-1/2"]
[WhiteTitle "FM"]
[WhiteElo "2348"]
[BlackElo "2321"]
[WhiteTeam "Czech Republic"]
[BlackTeam "Greece"]
[WhiteFideId "335398"]
[BlackFideId "4262875"]
[EventDate "2014.12.13"]
[EventType "team"]

1. e4 c5 2. Nf3 d6 3. d4 cxd4 4. Nxd4 Nf6 5. Nc3 a6 6. Be3 Ng4 7. Bg5 h6 8. Bh4
g5 9. Bg3 Bg7 10. h3 Ne5 11. Qd2 Nbc6 12. Nb3 Be6 13. Nd5 Rc8 14. a4 f5 15. f3
fxe4 16. fxe4 O-O 17. Be2 Bf7 18. O-O e6 19. Ne3 Qe7 20. Qe1 Bg6 21. Rxf8+ Rxf8
22. Nd2 d5 23. Kh2 Qc5 24. Bf1 h5 25. Kh1 h4 26. Bf2 d4 27. Nec4 Qe7 28. Bg1 g4
29. Nxe5 Nxe5 30. Ra3 Qb4 31. Be2 Bh6 32. Nf3 Qxe1 33. Nxe1 Bd2 34. Bxd4 Nc6 35.
Bc3 Rf2 36. Bxd2 Rxe2 37. Bc3 Bxe4 38. hxg4 h3 39. Kg1 Bxg2 40. Nxg2 Rxg2+ 41.
Kh1 Rxg4 42. Kh2 Rg2+ 43. Kxh3 Rxc2 44. Rb3 Nd8 45. Bf6 Rc8 46. Bxd8 Rxd8 47.
Rxb7 Rd3+ 48. Kg2 Rd6 49. Kf3 Kf8 50. Ke4 Ke8 51. Ke5 Rc6 52. b4 Kd8 53. Rh7 Kc8
54. Re7 Rc4 55. Rxe6 Rxb4 56. Rxa6 Kb7 57. Ra5 Kb6 58. Rb5+ Rxb5+ 59. axb5 Kxb5 1/2-1/2

[Event "World Youth U16 Olympiad"]
[Site "Gyor HUN"]
[Date "2014.12.19"]
[Round "8.8"]
[Board "2"]
[White "Kourkoulos-Arditis, Stamatis"]
[Black "Pulpan, Jakub"]
[Result "0-1"]
[WhiteTitle "FM"]
[BlackTitle "FM"]
[WhiteElo "2294"]
[BlackElo "2264"]
[WhiteTeam "Greece"]
[BlackTeam "Czech Republic"]
[WhiteFideId "4221990"]
[BlackFideId "302759"]
[EventDate "2014.12.13"]
[EventType "team"]

1. Nf3 Nf6 2. g3 d5 3. Bg2 e6 4. c4 Be7 5. O-O O-O 6. d4 dxc4 7. Qc2 a6 8. a4
Bd7 9. Qxc4 b5 10. Qc2 Bc6 11. Nbd2 bxa4 12. e4 Bb5 13. Rd1 Nc6 14. Nf1 Nb4 15.
Qb1 c5 16. Bg5 h6 17. Bxf6 Bxf6 18. e5 Be7 19. dxc5 Qc7 20. g4 Rad8 21. Qe4 Nd3
22. Rd2 Qxc5 23. Ne3 Bc6 24. Qc4 Bxf3 25. Qxc5 Bxc5 26. Bxf3 Nxe5 27. Rxd8 Nxf3+
28. Kg2 Nh4+ 29. Kh3 Rxd8 30. Kxh4 Bxe3 31. fxe3 Rd2 32. Kg3 Rxb2 33. Rxa4 Rb6
34. h4 Kf8 35. Rc4 Rb8 36. Rc5 Ra8 37. Ra5 Ke7 38. Kf4 Kd6 39. g5 hxg5+ 40. hxg5
Kc6 41. Ke5 g6 42. Ra1 a5 43. Rc1+ Kb6 44. Rb1+ Ka6 45. Kd6 a4 46. Kc6 Rc8+ 47.
Kd7 Rc5 48. Rb8 Rxg5 49. Kc6 Ka5 50. Rb7 a3 51. Rxf7 Kb4 52. Rb7+ Kc3 0-1

[Event "World Youth U16 Olympiad"]
[Site "Gyor HUN"]
[Date "2014.12.19"]
[Round "8.8"]
[Board "3"]
[White "Kula, Dominik"]
[Black "Tsiros, Fragkiskos Vlasios"]
[Result "0-1"]
[WhiteElo "2018"]
[BlackElo "2147"]
[WhiteTeam "Czech Republic"]
[BlackTeam "Greece"]
[WhiteFideId "344338"]
[BlackFideId "4228200"]
[EventDate "2014.12.13"]
[EventType "team"]

1. e4 c5 2. Nf3 d6 3. d4 cxd4 4. Nxd4 Nf6 5. Nc3 a6 6. Bc4 e6 7. O-O Be7 8. Bb3
O-O 9. f4 Nbd7 10. Qf3 Nc5 11. f5 e5 12. Nde2 Nxb3 13. axb3 b5 14. Bg5 Bb7 15.
Rfd1 Qb6+ 16. Be3 Qc6 17. Bg5 Qc7 18. Bxf6 Bxf6 19. Qd3 b4 20. Nd5 Bxd5 21. exd5
e4 22. Qxe4 Rfe8 23. Qd3 Bxb2 24. Ra2 Qc5+ 25. Kh1 Re3 26. Qd2 Rae8 27. Ng1 Bc3
28. Qf2 Re1 29. Rxe1 Rxe1 30. Rxa6 h6 31. Qxc5 dxc5 32. d6 Bd4 33. h3 Rxg1+ 0-1

[Event "World Youth U16 Olympiad"]
[Site "Gyor HUN"]
[Date "2014.12.19"]
[Round "8.8"]
[Board "4"]
[White "Tsolakidou, Stavroula"]
[Black "Nova, Michaela"]
[Result "1-0"]
[WhiteTitle "WFM"]
[WhiteElo "2290"]
[BlackElo "2015"]
[WhiteTeam "Greece"]
[BlackTeam "Czech Republic"]
[WhiteFideId "4264312"]
[BlackFideId "368466"]
[EventDate "2014.12.13"]
[EventType "team"]

1. e4 c5 2. Nf3 d6 3. Bb5+ Nd7 4. O-O Nf6 5. Re1 a6 6. Bd3 e5 7. c3 Be7 8. Bf1
b6 9. d4 Bb7 10. Nbd2 cxd4 11. cxd4 exd4 12. Nxd4 O-O 13. Nf5 Re8 14. Qb3 Nc5
15. Qg3 g6 16. f3 Bf8 17. b4 Na4 18. Nb3 Nh5 19. Qg4 d5 20. Bg5 Qb8 21. exd5
Bxd5 22. Nh6+ Bxh6 23. Bxh6 b5 24. Qd4 Qa7 25. Rxe8+ 1-0

[Event "World Youth U16 Olympiad"]
[Site "Gyor HUN"]
[Date "2014.12.19"]
[Round "8.9"]
[Board "1"]
[White "Dankhazi, Andras"]
[Black "Zhou, Jiangnan"]
[Result "1/2-1/2"]
[WhiteElo "2237"]
[BlackElo "2100"]
[WhiteTeam "Hungary 3"]
[BlackTeam "China"]
[WhiteFideId "714267"]
[BlackFideId "8609918"]
[EventDate "2014.12.13"]
[EventType "team"]

1. d4 Nf6 2. c4 g6 3. Nc3 Bg7 4. e4 d6 5. Nf3 O-O 6. h3 e5 7. d5 Na6 8. Be3 Ne8
9. g4 f5 10. g5 c6 11. a3 cxd5 12. cxd5 Nc5 13. Nd2 Nd7 14. Nf3 Nc5 15. Nd2 Nd7
16. Nf3 1/2-1/2

[Event "World Youth U16 Olympiad"]
[Site "Gyor HUN"]
[Date "2014.12.19"]
[Round "8.9"]
[Board "2"]
[White "Dai, Changren"]
[Black "Peczely, Sebastian Zsombor"]
[Result "1/2-1/2"]
[WhiteElo "2301"]
[BlackElo "2197"]
[WhiteTeam "China"]
[BlackTeam "Hungary 3"]
[WhiteFideId "8608156"]
[BlackFideId "750964"]
[EventDate "2014.12.13"]
[EventType "team"]

1. e4 c5 2. Nf3 e6 3. d4 cxd4 4. Nxd4 Nc6 5. Nc3 Qc7 6. Be3 a6 7. Qd2 Nf6 8.
O-O-O Be7 9. f3 b5 10. Kb1 O-O 11. g4 Nxd4 12. Bxd4 Bb7 13. Bd3 e5 14. Be3 Bb4
15. g5 Nh5 16. Be2 Rfd8 17. Qe1 Rac8 18. Rd3 d5 19. exd5 Bxd5 20. Qh4 Nf4 21.
Bxf4 exf4 22. Rhd1 Bxc3 23. Rxc3 Bc4 24. Rxd8+ Qxd8 25. Bd3 Bxd3 26. Rxd3 Qb6
27. Qe1 g6 28. h4 b4 29. b3 a5 30. Qd2 Qg1+ 31. Kb2 Qg3 1/2-1/2

[Event "World Youth U16 Olympiad"]
[Site "Gyor HUN"]
[Date "2014.12.19"]
[Round "8.9"]
[Board "3"]
[White "Marosi, Levente"]
[Black "Xu, Yi"]
[Result "1/2-1/2"]
[BlackTitle "FM"]
[WhiteElo "2211"]
[BlackElo "2360"]
[WhiteTeam "Hungary 3"]
[BlackTeam "China"]
[WhiteFideId "747181"]
[BlackFideId "8605564"]
[EventDate "2014.12.13"]
[EventType "team"]

1. e4 c5 2. Nf3 Nc6 3. d4 cxd4 4. Nxd4 e6 5. Nc3 Qc7 6. Be3 a6 7. Qd2 Nf6 8.
O-O-O Bb4 9. f3 Ne7 10. a3 Bxc3 11. Qxc3 Qxc3 12. bxc3 e5 13. Nf5 Nxf5 14. exf5
d5 15. g4 h6 16. h3 g6 17. fxg6 fxg6 18. f4 exf4 19. Bxf4 Be6 20. Bg2 g5 21. Be5
O-O 22. Bxf6 Rxf6 23. Bxd5 Bxd5 24. Rxd5 Rc8 25. Rd3 Rfc6 26. Kd2 Rf8 27. Re1
Rf2+ 28. Kc1 Rf7 29. Red1 Kg7 30. Kb2 Rb6+ 1/2-1/2

[Event "World Youth U16 Olympiad"]
[Site "Gyor HUN"]
[Date "2014.12.19"]
[Round "8.9"]
[Board "4"]
[White "Zhang, Jiabao"]
[Black "Krstulovic, Alex"]
[Result "1/2-1/2"]
[BlackTitle "FM"]
[WhiteElo "2089"]
[BlackElo "2099"]
[WhiteTeam "China"]
[BlackTeam "Hungary 3"]
[WhiteFideId "8606560"]
[BlackFideId "760056"]
[EventDate "2014.12.13"]
[EventType "team"]

1. e4 c5 2. Nf3 d6 3. Bb5+ Bd7 4. Bxd7+ Qxd7 5. O-O Nf6 6. Qe2 Nc6 7. c3 e5 8.
Rd1 Qc7 9. Na3 Be7 10. d4 O-O 11. Bg5 h6 12. Bh4 Nh5 13. dxe5 Nf4 14. Qd2 dxe5
15. Nb5 Qb6 16. Bxe7 Nxe7 17. Nxe5 Qxb5 18. Qxf4 Qxb2 19. Nd7 Rfd8 20. Qc7 Nc6
21. Nxc5 Rxd1+ 22. Rxd1 Qxc3 23. Nxb7 Qc2 24. Rf1 Qxe4 25. Nd6 Qd5 26. h3 Rd8
27. Nf5 Qxf5 28. Qxc6 Qd5 29. Qxd5 Rxd5 30. Rb1 a5 1/2-1/2

[Event "World Youth U16 Olympiad"]
[Site "Gyor HUN"]
[Date "2014.12.19"]
[Round "8.10"]
[Board "1"]
[White "Nigmatov, Ortik"]
[Black "Repka, Christopher"]
[Result "0-1"]
[WhiteElo "2236"]
[BlackElo "2407"]
[WhiteTeam "Uzbekistan"]
[BlackTeam "Slovakia 1"]
[WhiteFideId "14202131"]
[BlackFideId "14918781"]
[EventDate "2014.12.13"]
[EventType "team"]

1. e4 e6 2. d4 d5 3. Nc3 Nf6 4. exd5 exd5 5. Bd3 Nc6 6. Nge2 Nb4 7. O-O Bd6 8.
Nb5 O-O 9. Nxd6 Qxd6 10. Bf4 Qb6 11. a3 Nxd3 12. Qxd3 Bd7 13. b3 Rfe8 14. Rfe1
Bb5 15. c4 Ba6 16. Rac1 Qa5 17. Be5 Nd7 18. Bxg7 Kxg7 19. Qg3+ Kh8 20. b4 Qb6
21. b5 dxc4 22. bxa6 bxa6 23. Qf3 Qf6 24. Qh5 Nb6 25. Ng3 Qg6 26. Qc5 c6 27. h4
Re6 28. h5 Qh6 29. Nf5 Qg5 30. Nd6 Qf4 31. Nxc4 Rg8 32. Ne5 Rf6 33. Qc2 Nd5 34.
Re4 Qf5 35. Rg4 Rxg4 36. Qxf5 Rxg2+ 37. Kxg2 Rxf5 38. Rxc6 Nf4+ 39. Kg3 Ne2+ 40.
Kg4 Nxd4 41. h6 Nxc6 42. Kxf5 Nd4+ 43. Kf6 Kg8 44. f4 Ne2 45. f5 Nd4 46. a4 a5
47. Nc4 Nb3 48. Ke7 Nc5 49. Nxa5 Nxa4 50. Nc6 Nb6 51. Nxa7 Nd5+ 52. Ke8 Ne3 53.
f6 Nd5 54. Nc6 Nxf6+ 55. Ke7 Ng4 56. Nd8 Nxh6 57. Kf6 Kf8 58. Nb7 Ng8+ 59. Kg5
f6+ 60. Kh5 Ke7 61. Nc5 Kd6 62. Ne4+ Ke5 63. Ng3 Ne7 64. Nh1 Ng8 65. Ng3 f5 66.
Kg5 f4 67. Nh1 Nf6 68. Kh4 Ne4 69. Kg4 h6 70. Kf3 Kf5 71. Kg2 Kg4 72. Kh2 Kf3
73. Kg1 h5 74. Kh2 Nf2 0-1

[Event "World Youth U16 Olympiad"]
[Site "Gyor HUN"]
[Date "2014.12.19"]
[Round "8.10"]
[Board "2"]
[White "Nayhebaver, Martin"]
[Black "Yakubboev, Nodirbek"]
[Result "1-0"]
[WhiteElo "2332"]
[BlackElo "2144"]
[WhiteTeam "Slovakia 1"]
[BlackTeam "Uzbekistan"]
[WhiteFideId "14923432"]
[BlackFideId "14203987"]
[EventDate "2014.12.13"]
[EventType "team"]

1. e4 e5 2. Nf3 Nc6 3. Bb5 g6 4. c3 a6 5. Ba4 d6 6. d4 Bd7 7. O-O Bg7 8. Re1 b5
9. Bb3 Nf6 10. Nbd2 O-O 11. h3 Re8 12. Bc2 exd4 13. cxd4 Nb4 14. Bb1 Nc6 15. a3
h6 16. Nf1 Na5 17. Ng3 c5 18. Bd2 Nc4 19. Bc3 Bc6 20. Bd3 Nb6 21. Qd2 Kh7 22.
Rac1 Rc8 23. h4 c4 24. Bc2 h5 25. Qf4 Kg8 26. Bb4 Bf8 27. Ng5 Be7 28. Ba5 Rf8
29. e5 Nfd5 30. Qd2 dxe5 31. dxe5 c3 32. bxc3 Bxa3 33. Ra1 Bb2 34. Ra2 Nc4 35.
Qd3 Nxa5 36. Rxb2 Ne7 37. Qe2 Nc4 38. Rbb1 Nd5 39. e6 Nxc3 40. exf7+ Kh8 41. Qe6
Qd6 42. Rb3 Bd5 43. Qxc8 Rxc8 44. Re8+ Kg7 45. Rxc8 Bxf7 46. Rxc3 Qd2 47. Rf3
Bd5 48. Rc7+ Kg8 49. Rc8+ Kg7 50. Be4 Qd1+ 51. Kh2 Ne5 52. Rc7+ Kg8 53. Rc8+ Kg7
54. Rc7+ Kg8 55. Bxd5+ Qxd5 56. Rf4 Ng4+ 57. Kh3 Nh6 58. Rf6 1-0

[Event "World Youth U16 Olympiad"]
[Site "Gyor HUN"]
[Date "2014.12.19"]
[Round "8.10"]
[Board "3"]
[White "Abdusattorova, Bakhora"]
[Black "Pechac, Jergus"]
[Result "0-1"]
[WhiteTitle "WFM"]
[BlackTitle "CM"]
[WhiteElo "2216"]
[BlackElo "2182"]
[WhiteTeam "Uzbekistan"]
[BlackTeam "Slovakia 1"]
[WhiteFideId "14204126"]
[BlackFideId "14926970"]
[EventDate "2014.12.13"]
[EventType "team"]

1. Nf3 g6 2. g3 Nf6 3. Bg2 Bg7 4. O-O O-O 5. d4 d6 6. a4 Nbd7 7. a5 c5 8. Nc3
Rb8 9. dxc5 Nxc5 10. Nd4 Bd7 11. Ra3 Ng4 12. Nf3 Bc6 13. b4 Ne6 14. h3 Bxf3 15.
Bxf3 Ne5 16. Bd5 Qc8 17. Be3 Nc6 18. Na2 a6 19. c4 Ne5 20. Qb3 Nc7 21. Bg2 e6
22. f4 Nc6 23. Rd1 d5 24. Bb6 dxc4 25. Qxc4 Nd5 26. Bc5 Re8 27. e4 Nc7 28. Rad3
Nb5 29. e5 Rd8 30. Bb6 Rxd3 31. Qxd3 Bf8 32. Rc1 Qe8 33. Qe4 Qd7 34. Kh2 Qd2 35.
Rc2 Qd1 36. Rc4 Na3 37. Rc3 Nb5 38. Rd3 Qb1 39. Qc4 Nxb4 40. Nxb4 Qxb4 41. Qxb4
Bxb4 42. Rd7 Na3 43. Bc7 Rc8 44. Bxb7 Rxc7 45. Rxc7 Bxa5 46. Rc8+ Kg7 47. Bxa6
Nb1 48. Rc5 Bd8 49. Rc2 Ba5 50. Ra2 Bd8 51. Rc2 Ba5 52. Rc5 Bd8 53. Bd3 Nd2 54.
Kg2 Nb3 55. Rc8 Be7 56. Rc7 Kf8 57. Bc4 Nd4 58. Kf2 g5 59. Bd3 h6 60. Ke3 Nb3
61. Kf3 gxf4 62. Kxf4 Nd4 63. Kg4 Bg5 64. h4 Bd2 65. Be4 Kg7 66. Bd3 Be1 67. Bc4
Kf8 68. Ba6 Nf5 69. Rc1 Bxg3 70. Bd3 Bxe5 71. Bxf5 exf5+ 72. Kxf5 Bd4 73. Kg4
Kg7 74. Rd1 Bf6 75. Kh5 Be5 76. Rd5 Bf4 77. Rd4 Be3 78. Re4 Bd2 79. Rc4 Be3 80.
Rc6 Bd2 81. Kg4 Be3 82. Kf5 Bd2 83. Rd6 Be3 84. Ke4 Bf2 85. h5 Bh4 86. Kd5 Bg3
87. Ra6 Bh4 88. Ra4 Bg5 89. Rg4 Kf6 90. Rg2 Kg7 91. Rf2 Bh4 92. Rf3 Bg5 93. Kd6
Bh4 94. Kd7 Kf8 95. Rf4 Bg5 96. Ra4 Bd2 97. Ra8+ Kg7 98. Ra2 Bb4 99. Ra6 Be1
100. Ke8 Bh4 101. Ra7 Kf6 102. Ra5 Kg7 103. Rf5 f6 104. Ke7 Bg5 105. Ke6 Bh4
106. Rb5 Bg5 107. Rb7+ Kf8 108. Kf5 Ke8 109. Kg6 Kf8 110. Ra7 Ke8 111. Rh7 Kf8
112. Rh8+ Ke7 113. Ra8 Ke6 114. Re8+ Kd7 115. Re1 Kd6 116. Kf5 Kd7 117. Rd1+ Ke7
118. Rd4 Kf7 119. Rd7+ Kf8 120. Ke6 Kg8 121. Rf7 Bh4 122. Re7 Kf8 123. Rf7+ Kg8
124. Ra7 Bg5 125. Ra8+ Kg7 126. Re8 Bh4 127. Kf5 Kf7 128. Re4 Bg5 129. Re2 Bh4
130. Re3 Bg5 131. Re4 Bd2 132. Rd4 Bg5 133. Rd7+ Ke8 134. Rh7 Kf8 135. Kg6 Ke8
136. Rh8+ Ke7 137. Ra8 0-1